| 000 | 01055nam a2200265 a 4500 | ||
|---|---|---|---|
| 001 | 000034015 | ||
| 005 | 20240307073948.0 | ||
| 008 | 110921d1998 dr r 000 0 spa d | ||
| 040 |
_aDO-SdBNP _bspa _cBNPHU |
||
| 082 |
_a792.097293 _bM722hi |
||
| 100 | 1 |
_aMolinaza, José, _d1951- _925474 |
|
| 245 | 1 | 0 |
_aHistoria del teatro dominicano / _cJosé Molinaza. |
| 260 |
_aSanto Domingo : _bUniversitaria-UASD, _c1998. |
||
| 300 |
_a433 p. ; _c21 cm. |
||
| 490 | 1 |
_aPublicaciones de la Universidad Autónoma de Santo Domingo _v901 |
|
| 490 | 1 |
_aLiteratura y sociedad _v25 |
|
| 490 | 1 |
_aPublicaciones de la Universidad Autónoma de Santo Domingo _v901 |
|
| 590 | _aInventariado, 2018/BT | ||
| 650 | 4 |
_aTeatro dominicano _xHistoria y crìtica _958258 |
|
| 650 | 4 |
_aLiteratura dominicana _xHistoria y crítica _9159 |
|
| 710 | 1 |
_aUniversidad Autónoma de Santo Domingo _972951 |
|
| 830 | 0 |
_aLiteratura y sociedad _n25 _959461 |
|
| 830 | 0 |
_aPublicaciones de la Universidad Autónoma de Santo Domingo _n901 _959462 |
|
| 910 | _aValidado. Control de calidad. MMOLINA | ||
| 999 |
_c33506 _d33506 |
||